00297nam a22001097a 4500020001500000082002100015100001900036245005500055250000900110260006000119300000800179 a8123912250 a624.1834bKRI/AD aKrishna Raju,N aAdvanced Reinforced Concrete Design(IS : 456-2000) a2 nd aNew DelhibCBS Publishers & Distributors Pvt. Ltdc2012 a353